|
|
|
|
| LEADER |
00000nab a2200000 a 4500 |
| 001 |
vtls001496303 |
| 003 |
SK-MaSNL |
| 005 |
20260304150438.0 |
| 008 |
250505c2004 xo 0 slo |
| 015 |
|
|
|a SNBCL2005/2
|
| 035 |
|
|
|a SLK029714
|
| 035 |
|
|
|a urn:nbn:sk:snk-ab6y66
|
| 035 |
|
|
|a (uuid)c3a8cb0c-84d1-42cc-9a81-20e77faf1a7b
|
| 035 |
|
|
|a (urnnbn)urn:nbn:sk:snk:ar-a068rf
|
| 035 |
|
|
|a (sysno)vtls001496303
|
| 040 |
|
|
|a SNKBUCL
|b slo
|c SNKBUCL
|e AACR2
|
| 041 |
1 |
|
|a slo
|h slo
|
| 044 |
|
|
|a xo
|c SK
|
| 080 |
|
|
|a 159.942:614.253
|2 1981
|
| 100 |
1 |
|
|a Kováč, Peter,
|d 1972-
|4 aut
|9 229895
|
| 245 |
1 |
0 |
|a Poučenie a súhlas pacienta
|c Peter Kováč
|
| 504 |
|
|
|a Res. slov.
|
| 504 |
|
|
|a Bibliogr. odkazy
|
| 650 |
0 |
7 |
|a vzťahy lekár-pacient
|2 MESH
|9 846236
|
| 650 |
0 |
7 |
|a výchova a poučenie pacientov
|x zákonodarstvo a právna veda
|2 MESH
|9 1470926
|
| 650 |
0 |
7 |
|a kompliancia pacienta
|2 MESH
|9 1451004
|
| 650 |
0 |
7 |
|a zákonodarstvo lekárske
|x využitie
|2 MESH
|9 1458520
|
| 650 |
0 |
7 |
|a lekárska etika
|2 MESH
|9 794
|
| 650 |
0 |
7 |
|a prijímanie zdravotníckej starostlivosti pacientom
|2 MESH
|9 1461055
|
| 773 |
0 |
|
|t Via practica
|g Roč. 1, č. 3 (2004), s. 191-194
|x 1336-4790
|
| 850 |
|
|
|a Slovenská národná knižnica
|
| 852 |
|
|
|a Slovenská národná knižnica
|
| 954 |
|
|
|a odborná, vedecká literatúra pôvodná (slovenská)
|2 lita
|
| 958 |
|
|
|a article27
|
| 958 |
|
|
|a OND
|
| 958 |
|
|
|a EUIPO
|
| 999 |
|
|
|c 2938621
|d 2940551
|